| 000 | 00539nam a22001937a 4500 | ||
|---|---|---|---|
| 999 |
_c3343 _d3343 |
||
| 003 | GBCCL | ||
| 005 | 20241126110453.0 | ||
| 008 | 171124b xxu||||| |||| 00| 0 eng d | ||
| 020 | _a185240051X | ||
| 040 | _cgbc | ||
| 082 |
_a241.52 _bSUL |
||
| 100 |
_aSullivan, Paul O' _96844 |
||
| 245 |
_aThe Ten Commandments - for real - for now / _cPaul O'Sullivan |
||
| 260 |
_aChichester: _bSovereign World Limited, _c1991 |
||
| 300 |
_a127p.; _c20 cm. |
||
| 650 |
_aTen commandments _96845 |
||
| 650 |
_aChristian Ethics _968 |
||
| 942 |
_2ddc _cBK _03 |
||